NLSUI OPAC header image

Rethinking economics : (Record no. 12430)

MARC details
000 -LEADER
fixed length control field 01028cam a2200253 a 4500
001 - CONTROL NUMBER
control field 1633237
005 - DATE AND TIME OF LATEST TRANSACTION
control field 20260408134224.0
008 - FIXED-LENGTH DATA ELEMENTS--GENERAL INFORMATION
fixed length control field 960209s1996 ii b 001 0 eng
020 ## - INTERNATIONAL STANDARD BOOK NUMBER
International Standard Book Number 0803993099 (pbk)
020 ## - INTERNATIONAL STANDARD BOOK NUMBER
International Standard Book Number 0803993420 (pbk)
082 00 - DEWEY DECIMAL CLASSIFICATION NUMBER
Classification number 330 KUR
100 1# - MAIN ENTRY--PERSONAL NAME
Personal name Kurien, C. T.
245 10 - TITLE STATEMENT
Title Rethinking economics :
Remainder of title reflections based on a study of the Indian economy /
Statement of responsibility, etc. C.T. Kurien
260 ## - PUBLICATION, DISTRIBUTION, ETC.
Place of publication, distribution, etc. New Delhi ;
Name of publisher, distributor, etc. Sage Publications,
Date of publication, distribution, etc. 1996.
300 ## - PHYSICAL DESCRIPTION
Extent 272 p. ;
Dimensions 22 cm.
365 ## - TRADE PRICE
Price amount Rs. 195.00
505 ## - FORMATTED CONTENTS NOTE
Formatted contents note 1. Economics and the economy-<br/>2. Economic problems and economic theories: a retrospective account-<br/>3. Economics: formal and substantive-<br/>4. The economy as an evolving complex system-<br/>5. Rethinking economics-<br/>Bibliography-<br/>Index.<br/>
650 #0 - SUBJECT ADDED ENTRY--TOPICAL TERM
Topical term or geographic name entry element Economics.
650 #0 - SUBJECT ADDED ENTRY--TOPICAL TERM
Topical term or geographic name entry element Economic policy.
651 #0 - SUBJECT ADDED ENTRY--GEOGRAPHIC NAME
Geographic name India
General subdivision Economic policy
Chronological subdivision 1947-
651 #0 - SUBJECT ADDED ENTRY--GEOGRAPHIC NAME
Geographic name India
General subdivision Economic conditions
Chronological subdivision 1947-
856 41 - ELECTRONIC LOCATION AND ACCESS
Materials specified Table of contents
Uniform Resource Identifier <a href="http://www.loc.gov/catdir/enhancements/fy0657/96006134-t.html">http://www.loc.gov/catdir/enhancements/fy0657/96006134-t.html</a>
942 ## - ADDED ENTRY ELEMENTS (KOHA)
Source of classification or shelving scheme Dewey Decimal Classification
Koha item type BOOKs
Holdings
Withdrawn status Lost status Source of classification or shelving scheme Damaged status Not for loan Home library Current library Shelving location Date acquired Cost, normal purchase price Total Checkouts Full call number Barcode Date last seen Price effective from Koha item type
    Dewey Decimal Classification     . . General Stacks 30.05.2017 195.00   330 KUR-2 12735 30.05.2017 30.05.2017 BOOKs
    Dewey Decimal Classification     . . General Stacks 30.05.2017 395.00   330 KUR-3 15588 30.05.2017 30.05.2017 BOOKs
          . . Library Compactors 30.05.2017     330 KUR-1 11197 30.05.2017 30.05.2017 BOOKs